000 01141nam0a22002531 4500
001 rc\2834025
005 20260406205246.0
035 _a(NLR Aleph) 006991858
090 _a5634010
_c5634010
100 _a20110626d19281930|||y0rusy50 ca
101 0 _arus
102 _aRU
105 _ay z |||||
200 1 _aДневник Туркменкульта
_eИнформационный бюл. Ин-та туркм. культуры
210 _aАшхабад
_cБ. и.
_d1928-1930
300 _aПриложение к журн. "Туркменоведение" - печатается на его стр.
300 _aПеречень имеющихся в библиотеке томов, номеров, годов этого издания смотри в каталоге периодических изданий
422 0 _12001#$aТуркменоведение
_tТуркменоведение
710 0 2 _aИнститут туркменской культуры
_cАшхабад
_3RU\NLR\AUTH\889965840
_9427966
801 0 _aRU
_bNLR
_gpsbo
801 1 _aRU
_bELAR
_2rusmarc
852 _aNLR
_jП20/27
942 _cBOOK
980 _aNB